Gaming Quiz

Random Gaming or Mario Quiz

Mixed-Up Video Games Quiz Stats

 Plays Quiz Updated Nov 22, 2018

Score 0/16 Timer 03:00
3 Plays Today
% Correct
Call of Kong
96.9%
The Last of Hedgehog
96.6%
Super Smash Zelda
96.4%
Tomb Kart
96.1%
Final Creed
96.1%
Street Birds
95.9%
RollerCoaster Theft Auto
95.7%
Mortal Life
95.5%
% Correct
Gears of Warcraft
95.4%
Candy Empires
94.5%
Mass Sports
94.2%
Space Hero
93.6%
Crash Solid
93.1%
Red Dead Edge
92.2%
The Elder Planet
91.5%
Dark Kazooie
91.1%

You're not logged in!

Compare scores with friends on all Sporcle quizzes.
OR
Log In

Sporcle TV

Today on Sporcle TV


Watch our educational content, quiz creation guides, and fun videos on Sporcle TV.

Show Comments

Extras

Top Quizzes Today


Score Distribution

Your Account Isn't Verified!

In order to create a playlist on Sporcle, you need to verify the email address you used during registration. Go to your Sporcle Settings to finish the process.

Report this User

Report this user for behavior that violates our Community Guidelines.

Details: